| 000 -CABECERA |
| fixed length control field |
00931nam a22002417a 4500 |
| 003 - IDENTIFICADOR DEL NÚMERO DE CONTROL |
| control field |
AR-CdUCM |
| 008 - DATOS DE LONGITUD FIJA--INFORMACIÓN GENERAL |
| fixed length control field |
190308b ||||| |||| 00| 0 spa d |
| 040 ## - FUENTE DE LA CATALOGACIÓN |
| Agencia/entidad que catalogó originalmente la obra |
MUNICIPALIDAD PROVINCIAL DEL CUSCO |
| Entidad que transcribió la catalogación |
BIBLIOTECA MUNICIPAL DEL CUSCO |
| 082 ## - NÚMERO DE LA CLASIFICACIÓN DECIMAL DEWEY |
| No. de Clasificación |
704.98 / |
| Notacion interna |
M19 |
| 100 ## - ENTRADA PRINCIPAL--NOMBRE DE PERSONA |
| Nombre Personal |
Male, Emile |
| 245 ## - MENCIÓN DE TÍTULO |
| Título |
El arte religioso : |
| Resto del título |
del siglo XII al siglo XVIII |
| 260 ## - PUBLICACIÓN, DISTRIBUCIÓN, ETC. |
| Lugar de publicación, distribución, etc. |
Mexico : |
| Nombre de la editorial, distribuidor, etc. |
FCE, |
| Fecha de publicación, distribución, etc. |
1952. |
| 300 ## - DESCRIPCIÓN FÍSICA |
| Nº de Páginas Extensión |
229 páginas |
| Dimensiones |
17 cm. |
| 440 ## - MENCIÓN DE SERIE/PUNTO DE ACCESO ADICIONAL--TÍTULO |
| Título |
Breviarios del fondo de cultura economica |
| Número de la parte/sección de una obra |
59 |
| 9 (RLIN) |
14070 |
| 505 ## - NOTA DE CONTENIDO CON FORMATO |
| Nota de contenido formateada |
Sus orígenes -- Influencia del drama litúrgico -- El arte y los santos -- La peregrinación, las rutas de Italia -- El mundo y la naturaleza -- simbolismo de arte en la edad media... |
| 650 ## - PUNTO DE ACCESO ADICIONAL DE MATERIA--TÉRMINO DE MATERIA |
| Descriptor |
Arte. |
| 9 (RLIN) |
561 |
| 650 ## - PUNTO DE ACCESO ADICIONAL DE MATERIA--TÉRMINO DE MATERIA |
| Descriptor |
Religión. |
| 9 (RLIN) |
1195 |
| 650 ## - PUNTO DE ACCESO ADICIONAL DE MATERIA--TÉRMINO DE MATERIA |
| Descriptor |
Peregrinación. |
| 9 (RLIN) |
14071 |
| 650 ## - PUNTO DE ACCESO ADICIONAL DE MATERIA--TÉRMINO DE MATERIA |
| Descriptor |
Liturgia. |
| 9 (RLIN) |
3920 |
| 700 ## - PUNTO DE ACCESO ADICIONAL--NOMBRE DE PERSONA |
| Nombre Personal |
Arreola, Juan Jose (traductor) |
| 9 (RLIN) |
14072 |
| 942 ## - ELEMENTOS DE PUNTO DE ACCESO ADICIONAL (KOHA) |
| Fuente de clasificación |
|
| Tipo de item |
Libros-BMC |
| 945 ## - PROCESAMIENTO DE INFORMACIÓN LOCAL (OCLC) |
| Catalogador |
wfj |
| AAAA-MM-DD - Fecha de ingreso o modificacion |
2019-03-08 |